Statistics for Religion Vocabulary

Click here to take the quiz!

General Stats

  • This quiz has been taken 27,842 times
    (23,708 since last reset)
  • The average score is 13 of 22

Answer Stats

DefinitionWord% Correct
The Father, Son and Holy Ghost, collectivelyTrinity
91%
Indian religious belief roughly described as "what goes around comes around"Karma
90%
Catholic official who votes to elect the pope and often wears redCardinal
85%
The 9th month of the Islamic calendar, a month of fastingRamadan
78%
Idea that the soul will move to another body after deathReincarnation
78%
Place of purification before acceptance to heavenPurgatory
75%
Islamic concept that can mean "struggle" or "holy war"Jihad
74%
Belief that there is only one godMonotheism
73%
Pilgrimage to MeccaHajj
72%
State of enlightenment and liberation from desire in BuddhismNirvana
59%
Seven-branched candle holder which is a symbol of the Jewish faithMenorah
56%
To officially declare someone to be a Catholic saint{Canon}ize
54%
Person who is not a member of the clergy{Lay}person
54%
The promised savior of the JewsMessiah
51%
Place for unbaptized babies, neither heaven nor hellLimbo
43%
A sacred image used in Eastern Orthodox ChristianityIcon
42%
Honorific title given to a respected member of a Tibetan Buddhism monasteryLama
41%
Priest caste in Hindu societyBrahmin
39%
The event when righteous Christians will ascend to heaven, prior to the tribulationRapture
37%
Official edict from the popeBull
32%
The mercy of God that we have done nothing to earnGrace
31%
Doubt-provoking Zen statement or question such as
"what is the sound of one hand clapping"
Kōan
9%

Score Distribution

Percentile by Number Answered

Percent of People with Each Score

Your Score History

You have not taken this quiz since the last reset